Malá encyklopedie práva obchodních společností : zpracováno podle poslední novely obchodního zákoníku - zákona č. 142/1996 Sb. /

Hlavní autor: Klang, Miloš, 1924-
Jazyk: Čeština
Vydáno: Praha : Linde, 1996
Vydání: 1. vyd.
Témata:
Externí odkaz: Digitalizovaný dokument
Fyzický popis: 147 s. ; 14 cm
Knihy
Uloženo v:
LEADER 01553nam a2200385 a 4500
001 000123033
003 CZ BrMZK
005 20181128134528.0
007 ta
008 960815s1996 xr f cze d
015 |a cnb000149504 
020 |a 80-7201-025-5 
035 |a (OCoLC)37252541 
040 |a BOA001  |b cze 
080 |a 03:351.82(094)  |2 MRF 
080 |a 334.7(094):03  |2 MRF 
080 |a 347.72:03  |2 MRF 
080 |a 351.82(094):03  |2 MRF 
080 |a 03:334.7(094)  |2 MRF 
080 |a 03:347.72  |2 MRF 
100 1 |a Klang, Miloš,  |d 1924-  |7 xx0002771  |4 aut 
245 1 0 |a Malá encyklopedie práva obchodních společností :  |b zpracováno podle poslední novely obchodního zákoníku - zákona č. 142/1996 Sb. /  |c Miloš Klang 
250 |a 1. vyd. 
260 |a Praha :  |b Linde,  |c 1996 
300 |a 147 s. ;  |c 14 cm 
500 |a Dostupné též v digitální podobě v aplikaci Kramerius 
653 0 |a naučné slovníky  |a obchodní společnosti 
856 4 1 |u http://www.digitalniknihovna.cz/mzk/uuid/uuid:4943df70-f3c2-11e8-a5a4-005056827e52  |y Digitalizovaný dokument  |x NDK 
910 |a BOA001  |b 1-1028.482  |b TK-0259.668 
920 |a 000093191 
964 |a Společnosti obchodní  |x předpisy právní  |x slovníky naučné 
964 |a Slovníky naučné  |x společnosti obchodní  |x předpisy právní 
990 |a BK 
996 6 |b 2610046423  |c 1-1028.482  |l MZK  |r Sklad / do 1 hodiny  |n 21  |p p.v.  |w 000123033  |u 000010  |a 1  |e BOA001  |j MZK50  |s P 
996 6 |b 2620005164  |c TK-0259.668  |l MZK  |r Sklad / do 24 hodin  |n 2  |p kup  |w 000123033  |u 000020  |a 1  |e BOA001  |j MZK50  |s P